[Event "April 9 Late 2024"]
[Site "Chess.com"]
[Date "2024.04.10"]
[Round "7"]
[White "Bynum, Jacorey"]
[Black "Novik, Maxim"]
[Result "0-1"]
[Board "86"]
[WhiteFideId "39927644"]
[BlackFideId "4102924"]
[BlackTitle "GM"]
[WhiteElo "2421"]
[BlackElo "2576"]
[WhiteTeam "USA"]
[BlackTeam "LTU"]
[WhiteClock "0:00:03"]
[BlackClock "0:00:10"]
[Variant "Standard"]

1. e4 {[%clk 0:03:00]}  c6 {[%clk 0:02:59]} 2. d4 {[%clk 0:03:00]}  d5 {[%clk 0:03:00]} 3. Nd2 {[%clk 0:03:00]}  dxe4 {[%clk 0:03:00]} 4. Nxe4 {[%clk 0:03:01]}  Bf5 {[%clk 0:03:00]} 5. Ng3 {[%clk 0:03:01]}  Bg6 {[%clk 0:03:01]} 6. Nh3 {[%clk 0:03:02]}  Nf6 {[%clk 0:03:00]} 7. Nf4 {[%clk 0:03:01]}  e5 {[%clk 0:03:00]} 8. Nxg6 {[%clk 0:02:59]}  hxg6 {[%clk 0:03:00]} 9. Be3 {[%clk 0:02:57]}  Nbd7 {[%clk 0:02:59]} 10. Bc4 {[%clk 0:02:51]}  Bd6 {[%clk 0:02:42]} 11. Qd2 {[%clk 0:02:16]}  O-O {[%clk 0:02:38]} 12. O-O {[%clk 0:02:13]}  Nb6 {[%clk 0:02:33]} 13. Bb3 {[%clk 0:02:11]}  Nbd5 {[%clk 0:02:32]} 14. dxe5 {[%clk 0:02:09]}  Bxe5 {[%clk 0:02:30]} 15. c3 {[%clk 0:02:05]}  Nxe3 {[%clk 0:02:19]} 16. Qxe3 {[%clk 0:02:06]}  Re8 {[%clk 0:02:06]} 17. Qf3 {[%clk 0:02:06]}  Qd2 {[%clk 0:02:00]} 18. Rab1 {[%clk 0:01:43]}  Qf4 {[%clk 0:01:43]} 19. Qxf4 {[%clk 0:01:38]}  Bxf4 {[%clk 0:01:43]} 20. Rfe1 {[%clk 0:01:30]}  Kf8 {[%clk 0:01:35]} 21. Kf1 {[%clk 0:01:29]}  Rad8 {[%clk 0:01:26]} 22. Rxe8+ {[%clk 0:01:28]}  Rxe8 {[%clk 0:01:26]} 23. Ne2 {[%clk 0:01:25]}  Bc7 {[%clk 0:01:15]} 24. h3 {[%clk 0:01:19]}  Bb6 {[%clk 0:01:12]} 25. Ng3 {[%clk 0:01:07]}  Bc7 {[%clk 0:01:09]} 26. Ne2 {[%clk 0:01:06]}  Ne4 {[%clk 0:01:09]} 27. Rd1 {[%clk 0:01:06]}  Bb6 {[%clk 0:01:07]} 28. Rd7 {[%clk 0:01:02]}  Re7 {[%clk 0:01:00]} 29. Rxe7 {[%clk 0:01:01]}  Kxe7 {[%clk 0:01:01]} 30. f3 {[%clk 0:01:01]}  Nd2+ {[%clk 0:00:59]} 31. Ke1 {[%clk 0:01:01]}  Nxb3 {[%clk 0:00:57]} 32. axb3 {[%clk 0:01:02]}  g5 {[%clk 0:00:55]} 33. g4 {[%clk 0:01:01]}  Ke6 {[%clk 0:00:52]} 34. Ng3 {[%clk 0:00:59]}  g6 {[%clk 0:00:50]} 35. Ne4 {[%clk 0:00:55]}  f6 {[%clk 0:00:42]} 36. Ke2 {[%clk 0:00:55]}  Ke5 {[%clk 0:00:41]} 37. b4 {[%clk 0:00:52]}  Bd8 {[%clk 0:00:34]} 38. Nc5 {[%clk 0:00:51]}  b6 {[%clk 0:00:34]} 39. Nd3+ {[%clk 0:00:49]}  Kd5 {[%clk 0:00:34]} 40. b3 {[%clk 0:00:48]}  b5 {[%clk 0:00:32]} 41. Nc5 {[%clk 0:00:47]}  Bc7 {[%clk 0:00:26]} 42. Kd3 {[%clk 0:00:45]}  a5 {[%clk 0:00:21]} 43. Ne4 {[%clk 0:00:34]}  Ke5 {[%clk 0:00:16]} 44. bxa5 {[%clk 0:00:34]}  Bxa5 {[%clk 0:00:16]} 45. c4 {[%clk 0:00:33]}  Bd8 {[%clk 0:00:14]} 46. Nc3 {[%clk 0:00:28]}  bxc4+ {[%clk 0:00:11]} 47. bxc4 {[%clk 0:00:27]}  Kf4 {[%clk 0:00:11]} 48. Ke2 {[%clk 0:00:27]}  Kg3 {[%clk 0:00:12]} 49. Ne4+ {[%clk 0:00:25]}  Kxh3 {[%clk 0:00:11]} 50. Kf2 {[%clk 0:00:26]}  f5 {[%clk 0:00:10]} 51. gxf5 {[%clk 0:00:19]}  gxf5 {[%clk 0:00:10]} 52. Nd6 {[%clk 0:00:19]}  g4 {[%clk 0:00:10]} 53. Nxf5 {[%clk 0:00:19]}  Bb6+ {[%clk 0:00:10]} 54. Ke2 {[%clk 0:00:15]}  g3 {[%clk 0:00:10]} 55. Nxg3 {[%clk 0:00:04]}  Kxg3 {[%clk 0:00:10]} 56. c5 {[%clk 0:00:04]}  Bxc5 {[%clk 0:00:10]} 57. Kd3 {[%clk 0:00:03]}  Kxf3 {[%clk 0:00:10]} 0-1

[Event "April 9 Late 2024"]
[Site "Chess.com"]
[Date "2024.04.09"]
[Round "7"]
[White "Pham, Le Thao Nguyen"]
[Black "Storn, Justin"]
[Result "1-0"]
[Board "87"]
[WhiteFideId "12401226"]
[BlackFideId "30922720"]
[WhiteTitle "IM"]
[WhiteElo "2556"]
[BlackElo "2416"]
[WhiteTeam "VIE"]
[BlackTeam "USA"]
[WhiteClock "0:02:16"]
[BlackClock "0:02:00"]
[Variant "Standard"]

1. d4 {[%clk 0:02:54]}  d5 {[%clk 0:02:57]} 2. Nf3 {[%clk 0:02:55]}  Nf6 {[%clk 0:02:53]} 3. Bf4 {[%clk 0:02:55]}  c5 {[%clk 0:02:51]} 4. e3 {[%clk 0:02:56]}  Nc6 {[%clk 0:02:51]} 5. Nbd2 {[%clk 0:02:56]}  g6 {[%clk 0:02:51]} 6. c3 {[%clk 0:02:55]}  Bg7 {[%clk 0:02:52]} 7. dxc5 {[%clk 0:02:52]}  Nd7 {[%clk 0:02:51]} 8. Nb3 {[%clk 0:02:47]}  e5 {[%clk 0:02:49]} 9. Bg5 {[%clk 0:02:47]}  f6 {[%clk 0:02:49]} 10. Bh4 {[%clk 0:02:48]}  Nf8 {[%clk 0:02:49]} 11. Bb5 {[%clk 0:02:42]}  Bg4 {[%clk 0:02:46]} 12. h3 {[%clk 0:02:39]}  Be6 {[%clk 0:02:44]} 13. Nxe5 {[%clk 0:02:29]}  fxe5 {[%clk 0:02:33]} 14. Bxd8 {[%clk 0:02:28]}  Rxd8 {[%clk 0:02:34]} 15. O-O {[%clk 0:02:22]}  g5 {[%clk 0:02:18]} 16. Na5 {[%clk 0:02:18]}  Ng6 {[%clk 0:02:00]} 17. Nxb7 {[%clk 0:02:16]} 1-0

[Event "April 9 Late 2024"]
[Site "Chess.com"]
[Date "2024.04.09"]
[Round "7"]
[White "Kujawski, Adam"]
[Black "Mullodzhanov, Nathaniel"]
[Result "0-1"]
[Board "88"]
[WhiteFideId "1100920"]
[BlackFideId "30961580"]
[WhiteTitle "FM"]
[WhiteElo "2365"]
[BlackElo "2552"]
[WhiteTeam "POL"]
[BlackTeam "USA"]
[WhiteClock "0:00:00"]
[BlackClock "0:00:21"]
[Variant "Standard"]

1. e4 {[%clk 0:02:52]}  c6 {[%clk 0:02:59]} 2. d4 {[%clk 0:02:51]}  d5 {[%clk 0:02:58]} 3. f3 {[%clk 0:02:52]}  dxe4 {[%clk 0:02:57]} 4. fxe4 {[%clk 0:02:52]}  e5 {[%clk 0:02:56]} 5. Nf3 {[%clk 0:02:52]}  Bg4 {[%clk 0:02:55]} 6. c3 {[%clk 0:02:52]}  Nd7 {[%clk 0:02:54]} 7. Bd3 {[%clk 0:02:51]}  Ngf6 {[%clk 0:02:54]} 8. O-O {[%clk 0:02:51]}  Bd6 {[%clk 0:02:54]} 9. Bg5 {[%clk 0:02:49]}  O-O {[%clk 0:02:51]} 10. Nbd2 {[%clk 0:02:48]}  b5 {[%clk 0:02:51]} 11. Qc2 {[%clk 0:02:44]}  h6 {[%clk 0:02:49]} 12. Bh4 {[%clk 0:02:41]}  a5 {[%clk 0:02:45]} 13. a4 {[%clk 0:02:39]}  Qb6 {[%clk 0:02:36]} 14. Kh1 {[%clk 0:02:30]}  Rae8 {[%clk 0:02:30]} 15. axb5 {[%clk 0:02:06]}  cxb5 {[%clk 0:02:30]} 16. Rae1 {[%clk 0:02:07]}  Nh5 {[%clk 0:02:28]} 17. Qb3 {[%clk 0:01:23]}  Rb8 {[%clk 0:02:14]} 18. dxe5 {[%clk 0:01:09]}  Be6 {[%clk 0:02:01]} 19. Qd1 {[%clk 0:01:02]}  Bc5 {[%clk 0:01:50]} 20. Nd4 {[%clk 0:00:54]}  Bxd4 {[%clk 0:01:43]} 21. Qxh5 {[%clk 0:00:47]}  Bxe5 {[%clk 0:01:38]} 22. Nf3 {[%clk 0:00:46]}  Bf4 {[%clk 0:01:28]} 23. e5 {[%clk 0:00:42]}  g6 {[%clk 0:01:13]} 24. Bxg6 {[%clk 0:00:41]}  fxg6 {[%clk 0:01:14]} 25. Qxg6+ {[%clk 0:00:41]}  Kh8 {[%clk 0:01:14]} 26. Nd4 {[%clk 0:00:31]}  Bc4 {[%clk 0:00:44]} 27. e6 {[%clk 0:00:09]}  Bxf1 {[%clk 0:00:25]} 28. Rxf1 {[%clk 0:00:08]}  Bg5 {[%clk 0:00:25]} 29. Rf7 {[%clk 0:00:07]}  Rxf7 {[%clk 0:00:22]} 30. Qxf7 {[%clk 0:00:00]}  Rf8 {[%clk 0:00:21]} 0-1

[Event "April 9 Late 2024"]
[Site "Chess.com"]
[Date "2024.04.09"]
[Round "7"]
[White "McLaren, Brian"]
[Black "Santos Flores, Alberto"]
[Result "0-1"]
[Board "91"]
[WhiteFideId "2604612"]
[BlackFideId "3601234"]
[BlackTitle "IM"]
[WhiteElo "2346"]
[BlackElo "2540"]
[WhiteTeam "CAN"]
[BlackTeam "ECU"]
[WhiteClock "0:01:15"]
[BlackClock "0:01:49"]
[Variant "Standard"]

1. e4 {[%clk 0:02:24]}  e6 {[%clk 0:02:59]} 2. d4 {[%clk 0:02:23]}  d5 {[%clk 0:02:59]} 3. exd5 {[%clk 0:02:24]}  exd5 {[%clk 0:02:59]} 4. Nf3 {[%clk 0:02:24]}  Nf6 {[%clk 0:02:57]} 5. Bd3 {[%clk 0:02:24]}  Bd6 {[%clk 0:02:54]} 6. O-O {[%clk 0:02:24]}  O-O {[%clk 0:02:54]} 7. b3 {[%clk 0:02:23]}  Bg4 {[%clk 0:02:53]} 8. Nbd2 {[%clk 0:02:22]}  Re8 {[%clk 0:02:50]} 9. c4 {[%clk 0:02:22]}  c6 {[%clk 0:02:49]} 10. Bb2 {[%clk 0:02:20]}  Ne4 {[%clk 0:02:47]} 11. Qc2 {[%clk 0:02:18]}  f5 {[%clk 0:02:41]} 12. Ne5 {[%clk 0:02:15]}  Bxe5 {[%clk 0:02:38]} 13. dxe5 {[%clk 0:02:15]}  Na6 {[%clk 0:02:26]} 14. f3 {[%clk 0:02:07]}  Nb4 {[%clk 0:02:22]} 15. fxe4 {[%clk 0:01:42]}  Nxc2 {[%clk 0:02:20]} 16. Bxc2 {[%clk 0:01:42]}  fxe4 {[%clk 0:02:15]} 17. h3 {[%clk 0:01:36]}  Be6 {[%clk 0:02:14]} 18. Rad1 {[%clk 0:01:31]}  Qe7 {[%clk 0:02:13]} 19. Bd4 {[%clk 0:01:26]}  c5 {[%clk 0:01:49]} 20. Bb2 {[%clk 0:01:15]}  e3 {[%clk 0:01:49]} 0-1

[Event "April 9 Late 2024"]
[Site "Chess.com"]
[Date "2024.04.09"]
[Round "7"]
[White "Romanchuk, Viktor"]
[Black "Seder, Mohammed"]
[Result "1-0"]
[Board "96"]
[WhiteFideId "14109271"]
[BlackFideId "11505567"]
[WhiteTitle "FM"]
[BlackTitle "FM"]
[WhiteElo "2544"]
[BlackElo "2438"]
[WhiteTeam "UKR"]
[BlackTeam "PLE"]
[WhiteClock "0:01:20"]
[BlackClock "0:00:45"]
[Variant "Standard"]

1. d4 {[%clk 0:03:00]}  d5 {[%clk 0:03:00]} 2. c4 {[%clk 0:03:00]}  c6 {[%clk 0:03:01]} 3. Nc3 {[%clk 0:02:59]}  Nf6 {[%clk 0:03:01]} 4. e3 {[%clk 0:02:57]}  e6 {[%clk 0:03:02]} 5. Nf3 {[%clk 0:02:56]}  Bd6 {[%clk 0:03:01]} 6. Qc2 {[%clk 0:02:57]}  O-O {[%clk 0:03:01]} 7. Bd2 {[%clk 0:02:56]}  Nbd7 {[%clk 0:03:00]} 8. O-O-O {[%clk 0:02:56]}  a5 {[%clk 0:02:56]} 9. e4 {[%clk 0:02:55]}  dxe4 {[%clk 0:02:52]} 10. Nxe4 {[%clk 0:02:56]}  Nxe4 {[%clk 0:02:52]} 11. Qxe4 {[%clk 0:02:56]}  Qe7 {[%clk 0:02:26]} 12. Bd3 {[%clk 0:02:41]}  f5 {[%clk 0:02:25]} 13. Qe2 {[%clk 0:02:37]}  e5 {[%clk 0:02:02]} 14. c5 {[%clk 0:02:31]}  Bc7 {[%clk 0:01:57]} 15. Bc4+ {[%clk 0:02:25]}  Kh8 {[%clk 0:01:57]} 16. Bg5 {[%clk 0:02:24]}  Qe8 {[%clk 0:01:56]} 17. Nxe5 {[%clk 0:02:06]}  Nxe5 {[%clk 0:01:50]} 18. dxe5 {[%clk 0:02:07]}  Qxe5 {[%clk 0:01:51]} 19. Qxe5 {[%clk 0:02:05]}  Bxe5 {[%clk 0:01:51]} 20. f4 {[%clk 0:01:58]}  Bc7 {[%clk 0:01:36]} 21. g3 {[%clk 0:01:52]}  a4 {[%clk 0:01:31]} 22. Rhe1 {[%clk 0:01:37]}  Ra5 {[%clk 0:01:30]} 23. Be7 {[%clk 0:01:36]}  Re8 {[%clk 0:01:17]} 24. Bf7 {[%clk 0:01:34]}  Rg8 {[%clk 0:01:06]} 25. Bxg8 {[%clk 0:01:22]}  Kxg8 {[%clk 0:01:07]} 26. Bd6 {[%clk 0:01:20]}  Bxd6 {[%clk 0:00:45]} 27. cxd6 {[%clk 0:01:20]} 1-0

[Event "April 9 Late 2024"]
[Site "Chess.com"]
[Date "2024.04.09"]
[Round "7"]
[White "Wanyama, Harold"]
[Black "Spitzl, Vinzent"]
[Result "0-1"]
[Board "97"]
[WhiteFideId "10000380"]
[BlackFideId "12901253"]
[WhiteTitle "FM"]
[BlackTitle "FM"]
[WhiteElo "2428"]
[BlackElo "2508"]
[WhiteTeam "UGA"]
[BlackTeam "GER"]
[WhiteClock "0:00:10"]
[BlackClock "0:00:05"]
[Variant "Standard"]

1. d4 {[%clk 0:02:52]}  Nf6 {[%clk 0:02:59]} 2. c4 {[%clk 0:02:51]}  e6 {[%clk 0:02:59]} 3. g3 {[%clk 0:02:51]}  d5 {[%clk 0:02:59]} 4. Bg2 {[%clk 0:02:52]}  Bb4+ {[%clk 0:03:00]} 5. Nd2 {[%clk 0:02:51]}  O-O {[%clk 0:02:59]} 6. Qc2 {[%clk 0:02:48]}  b6 {[%clk 0:02:53]} 7. cxd5 {[%clk 0:02:43]}  Bb7 {[%clk 0:02:47]} 8. a3 {[%clk 0:02:40]}  Be7 {[%clk 0:02:32]} 9. e4 {[%clk 0:02:37]}  exd5 {[%clk 0:02:26]} 10. e5 {[%clk 0:02:37]}  Nfd7 {[%clk 0:02:25]} 11. Ne2 {[%clk 0:02:35]}  c5 {[%clk 0:02:25]} 12. O-O {[%clk 0:02:33]}  Re8 {[%clk 0:02:17]} 13. f4 {[%clk 0:02:32]}  Nf8 {[%clk 0:02:16]} 14. f5 {[%clk 0:02:30]}  Bg5 {[%clk 0:02:12]} 15. Nf3 {[%clk 0:02:28]}  Bxc1 {[%clk 0:02:11]} 16. Raxc1 {[%clk 0:02:29]}  cxd4 {[%clk 0:02:08]} 17. Nexd4 {[%clk 0:02:27]}  Nbd7 {[%clk 0:02:08]} 18. Qc7 {[%clk 0:02:04]}  Qxc7 {[%clk 0:02:02]} 19. Rxc7 {[%clk 0:02:02]}  Ba6 {[%clk 0:02:03]} 20. Re1 {[%clk 0:02:01]}  Bd3 {[%clk 0:01:52]} 21. b4 {[%clk 0:01:59]}  Be4 {[%clk 0:01:52]} 22. e6 {[%clk 0:01:55]}  fxe6 {[%clk 0:01:48]} 23. f6 {[%clk 0:01:56]}  Nxf6 {[%clk 0:01:45]} 24. Ng5 {[%clk 0:01:54]}  Bxg2 {[%clk 0:01:38]} 25. Kxg2 {[%clk 0:01:53]}  Rac8 {[%clk 0:01:19]} 26. Rxa7 {[%clk 0:01:50]}  Ra8 {[%clk 0:01:16]} 27. Rxa8 {[%clk 0:01:45]}  Rxa8 {[%clk 0:01:16]} 28. Nb5 {[%clk 0:01:46]}  Re8 {[%clk 0:00:59]} 29. Nc7 {[%clk 0:01:44]}  Re7 {[%clk 0:00:51]} 30. Ngxe6 {[%clk 0:01:34]}  Nxe6 {[%clk 0:00:48]} 31. Nxe6 {[%clk 0:01:30]}  Ne4 {[%clk 0:00:48]} 32. Nd4 {[%clk 0:01:20]}  Rc7 {[%clk 0:00:48]} 33. Re3 {[%clk 0:01:16]}  Rc1 {[%clk 0:00:40]} 34. h4 {[%clk 0:01:13]}  Kf7 {[%clk 0:00:40]} 35. Rd3 {[%clk 0:01:09]}  g6 {[%clk 0:00:32]} 36. Kf3 {[%clk 0:01:03]}  Ke7 {[%clk 0:00:29]} 37. Kf4 {[%clk 0:00:58]}  Kf6 {[%clk 0:00:09]} 38. Nf3 {[%clk 0:00:53]}  Nc3 {[%clk 0:00:07]} 39. g4 {[%clk 0:00:47]}  h6 {[%clk 0:00:07]} 40. g5+ {[%clk 0:00:46]}  hxg5+ {[%clk 0:00:08]} 41. hxg5+ {[%clk 0:00:47]}  Ke6 {[%clk 0:00:08]} 42. Re3+ {[%clk 0:00:42]}  Ne4 {[%clk 0:00:08]} 43. Nd4+ {[%clk 0:00:29]}  Kd6 {[%clk 0:00:08]} 44. Rh3 {[%clk 0:00:20]}  Rf1+ {[%clk 0:00:08]} 45. Ke3 {[%clk 0:00:18]}  Rg1 {[%clk 0:00:08]} 46. Rh8 {[%clk 0:00:17]}  Rxg5 {[%clk 0:00:07]} 47. Rd8+ {[%clk 0:00:17]}  Ke7 {[%clk 0:00:05]} 48. Rb8 {[%clk 0:00:16]}  Rg3+ {[%clk 0:00:05]} 49. Nf3 {[%clk 0:00:15]}  g5 {[%clk 0:00:06]} 50. Ke2 {[%clk 0:00:15]}  g4 {[%clk 0:00:05]} 51. Nd4 {[%clk 0:00:15]}  Rxa3 {[%clk 0:00:04]} 52. Rxb6 {[%clk 0:00:14]}  g3 {[%clk 0:00:04]} 53. Rg6 {[%clk 0:00:14]}  Kf7 {[%clk 0:00:04]} 54. Rg4 {[%clk 0:00:14]}  Kf6 {[%clk 0:00:04]} 55. Nf3 {[%clk 0:00:12]}  Kf5 {[%clk 0:00:04]} 56. Rg8 {[%clk 0:00:12]}  Ra2+ {[%clk 0:00:03]} 57. Ke3 {[%clk 0:00:13]}  Ra3+ {[%clk 0:00:04]} 58. Ke2 {[%clk 0:00:13]}  Ra2+ {[%clk 0:00:03]} 59. Kd1 {[%clk 0:00:14]}  Rf2 {[%clk 0:00:04]} 60. Nd4+ {[%clk 0:00:14]}  Kf4 {[%clk 0:00:04]} 61. Ne6+ {[%clk 0:00:13]}  Ke3 {[%clk 0:00:04]} 62. b5 {[%clk 0:00:12]}  g2 {[%clk 0:00:04]} 63. b6 {[%clk 0:00:12]}  Rf1+ {[%clk 0:00:04]} 64. Kc2 {[%clk 0:00:11]}  g1=Q {[%clk 0:00:05]} 65. Rxg1 {[%clk 0:00:12]}  Rxg1 {[%clk 0:00:06]} 66. b7 {[%clk 0:00:12]}  Rg8 {[%clk 0:00:06]} 67. Nc7 {[%clk 0:00:09]}  Rb8 {[%clk 0:00:05]} 68. Nxd5+ {[%clk 0:00:10]}  Kd4 {[%clk 0:00:06]} 69. Nb4 {[%clk 0:00:08]}  Rxb7 {[%clk 0:00:05]} 70. Nc6+ {[%clk 0:00:09]}  Kc5 {[%clk 0:00:03]} 71. Ne5 {[%clk 0:00:07]}  Ra7 {[%clk 0:00:03]} 72. Nd3+ {[%clk 0:00:07]}  Kd4 {[%clk 0:00:03]} 73. Nb2 {[%clk 0:00:07]}  Rc7+ {[%clk 0:00:03]} 74. Kb3 {[%clk 0:00:08]}  Nc5+ {[%clk 0:00:03]} 75. Kb4 {[%clk 0:00:08]}  Nd3+ {[%clk 0:00:04]} 76. Ka3 {[%clk 0:00:08]}  Nxb2 {[%clk 0:00:03]} 77. Kxb2 {[%clk 0:00:09]}  Rb7+ {[%clk 0:00:03]} 78. Kc2 {[%clk 0:00:09]}  Kc4 {[%clk 0:00:04]} 79. Kd2 {[%clk 0:00:08]}  Rb3 {[%clk 0:00:04]} 80. Kc2 {[%clk 0:00:08]}  Rc3+ {[%clk 0:00:04]} 81. Kb2 {[%clk 0:00:09]}  Kb4 {[%clk 0:00:04]} 82. Ka2 {[%clk 0:00:10]}  Rb3 {[%clk 0:00:04]} 83. Ka1 {[%clk 0:00:10]}  Kc3 {[%clk 0:00:04]} 84. Ka2 {[%clk 0:00:10]}  Kc2 {[%clk 0:00:05]} 85. Ka1 {[%clk 0:00:10]}  Ra3# {[%clk 0:00:05]} 0-1

[Event "April 9 Late 2024"]
[Site "Chess.com"]
[Date "2024.04.09"]
[Round "7"]
[White "Ciolacu, Alessia-Mihaela"]
[Black "Danila Poliannikov"]
[Result "0-1"]
[Board "98"]
[WhiteFideId "1252640"]
[BlackFideId "30935245"]
[WhiteTitle "WIM"]
[BlackTitle "FM"]
[WhiteElo "2403"]
[BlackElo "2507"]
[WhiteTeam "ROU"]
[BlackTeam "USA"]
[WhiteClock "0:00:00"]
[BlackClock "0:00:03"]
[Variant "Standard"]

1. Nf3 {[%clk 0:02:54]}  Nf6 {[%clk 0:03:00]} 2. c4 {[%clk 0:02:53]}  c5 {[%clk 0:03:00]} 3. Nc3 {[%clk 0:02:53]}  d5 {[%clk 0:03:00]} 4. cxd5 {[%clk 0:02:53]}  Nxd5 {[%clk 0:03:01]} 5. e3 {[%clk 0:02:51]}  Nc6 {[%clk 0:02:58]} 6. d4 {[%clk 0:02:48]}  cxd4 {[%clk 0:02:54]} 7. exd4 {[%clk 0:02:46]}  e6 {[%clk 0:02:49]} 8. Bc4 {[%clk 0:02:43]}  Be7 {[%clk 0:02:46]} 9. O-O {[%clk 0:02:32]}  O-O {[%clk 0:02:45]} 10. Qe2 {[%clk 0:02:30]}  Bf6 {[%clk 0:02:42]} 11. Rd1 {[%clk 0:02:27]}  a6 {[%clk 0:02:30]} 12. Qe4 {[%clk 0:02:18]}  Nce7 {[%clk 0:02:00]} 13. Bd3 {[%clk 0:02:03]}  g6 {[%clk 0:01:49]} 14. Bh6 {[%clk 0:02:01]}  Re8 {[%clk 0:01:46]} 15. h4 {[%clk 0:02:01]}  b5 {[%clk 0:01:41]} 16. Ne5 {[%clk 0:01:51]}  Bb7 {[%clk 0:01:35]} 17. Qg4 {[%clk 0:01:51]}  Nf5 {[%clk 0:01:26]} 18. Bg5 {[%clk 0:01:37]}  h5 {[%clk 0:01:19]} 19. Bxf6 {[%clk 0:01:25]}  Qxf6 {[%clk 0:01:10]} 20. Qg5 {[%clk 0:01:25]}  Qxg5 {[%clk 0:01:09]} 21. hxg5 {[%clk 0:01:26]}  Rad8 {[%clk 0:00:47]} 22. Ne4 {[%clk 0:01:23]}  Nxd4 {[%clk 0:00:39]} 23. Nc5 {[%clk 0:01:20]}  Bc8 {[%clk 0:00:33]} 24. Bxg6 {[%clk 0:01:16]}  Ne2+ {[%clk 0:00:20]} 25. Kf1 {[%clk 0:01:15]}  fxg6 {[%clk 0:00:20]} 26. Kxe2 {[%clk 0:01:15]}  Kg7 {[%clk 0:00:18]} 27. g3 {[%clk 0:01:09]}  Rf8 {[%clk 0:00:16]} 28. f4 {[%clk 0:01:08]}  h4 {[%clk 0:00:17]} 29. gxh4 {[%clk 0:00:52]}  Rxf4 {[%clk 0:00:16]} 30. Rh1 {[%clk 0:00:35]}  Rdf8 {[%clk 0:00:06]} 31. Ncd3 {[%clk 0:00:33]}  Re4+ {[%clk 0:00:06]} 32. Kd2 {[%clk 0:00:33]}  Rf5 {[%clk 0:00:05]} 33. Rac1 {[%clk 0:00:31]}  Bb7 {[%clk 0:00:04]} 34. a4 {[%clk 0:00:27]}  Rfxe5 {[%clk 0:00:03]} 35. Nxe5 {[%clk 0:00:26]}  Rxe5 {[%clk 0:00:04]} 36. axb5 {[%clk 0:00:25]}  axb5 {[%clk 0:00:05]} 37. Rc5 {[%clk 0:00:25]}  Rf5 {[%clk 0:00:05]} 38. Rxb5 {[%clk 0:00:23]}  Ba6 {[%clk 0:00:03]} 39. Ra5 {[%clk 0:00:21]}  Rf2+ {[%clk 0:00:03]} 40. Ke1 {[%clk 0:00:19]}  Re2+ {[%clk 0:00:04]} 41. Kd1 {[%clk 0:00:19]}  Bd3 {[%clk 0:00:03]} 42. Rh3 {[%clk 0:00:18]}  Ne3+ {[%clk 0:00:03]} 43. Rxe3 {[%clk 0:00:15]}  Rxe3 {[%clk 0:00:04]} 44. Ra7+ {[%clk 0:00:15]}  Kf8 {[%clk 0:00:04]} 45. Ra8+ {[%clk 0:00:15]}  Ke7 {[%clk 0:00:04]} 46. Ra7+ {[%clk 0:00:16]}  Kd6 {[%clk 0:00:05]} 47. b4 {[%clk 0:00:12]}  Re4 {[%clk 0:00:04]} 48. Rb7 {[%clk 0:00:11]}  Rd4 {[%clk 0:00:03]} 49. Kc1 {[%clk 0:00:07]}  Bf5 {[%clk 0:00:03]} 50. h5 {[%clk 0:00:06]}  gxh5 {[%clk 0:00:03]} 51. b5 {[%clk 0:00:07]}  Rg4 {[%clk 0:00:02]} 52. b6 {[%clk 0:00:06]}  Kc6 {[%clk 0:00:03]} 53. Rb8 {[%clk 0:00:05]}  Rxg5 {[%clk 0:00:03]} 54. b7 {[%clk 0:00:05]}  Kc7 {[%clk 0:00:04]} 55. Rh8 {[%clk 0:00:00]}  Kxb7 {[%clk 0:00:03]} 0-1

[Event "April 9 Late 2024"]
[Site "Chess.com"]
[Date "2024.04.09"]
[Round "7"]
[White "Schuster, Karsten"]
[Black "Estrada Nieto, Julian"]
[Result "1/2-1/2"]
[Board "99"]
[WhiteFideId "4611071"]
[BlackFideId "5101018"]
[WhiteTitle "FM"]
[BlackTitle "IM"]
[WhiteElo "2372"]
[BlackElo "2505"]
[WhiteTeam "GER"]
[BlackTeam "MEX"]
[WhiteClock "0:00:50"]
[BlackClock "0:00:13"]
[Variant "Standard"]

1. c4 {[%clk 0:03:00]}  e5 {[%clk 0:02:59]} 2. d3 {[%clk 0:02:59]}  Nf6 {[%clk 0:02:59]} 3. Nf3 {[%clk 0:03:00]}  Nc6 {[%clk 0:02:59]} 4. g3 {[%clk 0:03:00]}  g6 {[%clk 0:02:59]} 5. Bg2 {[%clk 0:03:00]}  Bg7 {[%clk 0:03:00]} 6. O-O {[%clk 0:03:01]}  O-O {[%clk 0:03:00]} 7. Nc3 {[%clk 0:03:01]}  d6 {[%clk 0:03:00]} 8. Rb1 {[%clk 0:02:56]}  a5 {[%clk 0:02:59]} 9. a3 {[%clk 0:02:56]}  h6 {[%clk 0:02:58]} 10. b4 {[%clk 0:02:54]}  axb4 {[%clk 0:02:59]} 11. axb4 {[%clk 0:02:54]}  Be6 {[%clk 0:02:59]} 12. b5 {[%clk 0:02:51]}  Ne7 {[%clk 0:02:54]} 13. Nd2 {[%clk 0:02:50]}  Qc8 {[%clk 0:02:51]} 14. Nde4 {[%clk 0:02:50]}  Nxe4 {[%clk 0:02:50]} 15. Bxe4 {[%clk 0:02:45]}  Bh3 {[%clk 0:02:45]} 16. Re1 {[%clk 0:02:39]}  c6 {[%clk 0:02:45]} 17. bxc6 {[%clk 0:02:36]}  bxc6 {[%clk 0:02:45]} 18. Bd2 {[%clk 0:02:27]}  f5 {[%clk 0:02:34]} 19. Bh1 {[%clk 0:02:27]}  f4 {[%clk 0:02:35]} 20. Qc1 {[%clk 0:02:26]}  g5 {[%clk 0:02:23]} 21. Ne4 {[%clk 0:02:23]}  Nf5 {[%clk 0:02:17]} 22. c5 {[%clk 0:02:19]}  d5 {[%clk 0:02:15]} 23. Nd6 {[%clk 0:02:20]}  Nxd6 {[%clk 0:02:15]} 24. cxd6 {[%clk 0:02:20]}  fxg3 {[%clk 0:02:02]} 25. hxg3 {[%clk 0:02:17]}  e4 {[%clk 0:01:38]} 26. dxe4 {[%clk 0:02:13]}  d4 {[%clk 0:01:26]} 27. f3 {[%clk 0:01:57]}  Be5 {[%clk 0:01:24]} 28. Kh2 {[%clk 0:01:48]}  Bxd6 {[%clk 0:01:21]} 29. Qc4+ {[%clk 0:01:46]}  Qe6 {[%clk 0:01:14]} 30. Qxe6+ {[%clk 0:01:43]}  Bxe6 {[%clk 0:01:13]} 31. Rb6 {[%clk 0:01:42]}  Rfc8 {[%clk 0:01:11]} 32. Bb4 {[%clk 0:01:39]}  Be5 {[%clk 0:01:02]} 33. Bg2 {[%clk 0:01:25]}  Ra2 {[%clk 0:01:00]} 34. Bh3 {[%clk 0:01:24]}  Bxh3 {[%clk 0:00:57]} 35. Kxh3 {[%clk 0:01:24]}  Rb2 {[%clk 0:00:52]} 36. Bc5 {[%clk 0:01:23]}  Rxb6 {[%clk 0:00:50]} 37. Bxb6 {[%clk 0:01:23]}  c5 {[%clk 0:00:50]} 38. Rd1 {[%clk 0:01:16]}  Kf7 {[%clk 0:00:46]} 39. Kg4 {[%clk 0:01:15]}  Ke6 {[%clk 0:00:46]} 40. f4 {[%clk 0:01:15]}  gxf4 {[%clk 0:00:46]} 41. gxf4 {[%clk 0:01:15]}  Rg8+ {[%clk 0:00:40]} 42. Kf3 {[%clk 0:01:14]}  Rf8 {[%clk 0:00:37]} 43. f5+ {[%clk 0:01:14]}  Kd6 {[%clk 0:00:37]} 44. Rc1 {[%clk 0:01:11]}  Rc8 {[%clk 0:00:35]} 45. Rc4 {[%clk 0:01:03]}  Rc6 {[%clk 0:00:29]} 46. Ba7 {[%clk 0:01:02]}  Bf6 {[%clk 0:00:24]} 47. Bb8+ {[%clk 0:01:02]}  Kd7 {[%clk 0:00:21]} 48. e5 {[%clk 0:01:02]}  Bg5 {[%clk 0:00:17]} 49. Bd6 {[%clk 0:00:59]}  Be7 {[%clk 0:00:15]} 50. Rxc5 {[%clk 0:00:53]}  Rxc5 {[%clk 0:00:14]} 51. Bxc5 {[%clk 0:00:52]}  Bxc5 {[%clk 0:00:15]} 52. Ke4 {[%clk 0:00:53]}  Kc6 {[%clk 0:00:15]} 53. f6 {[%clk 0:00:50]}  Kd7 {[%clk 0:00:15]} 54. Kd5 {[%clk 0:00:50]}  Bf8 {[%clk 0:00:15]} 55. e6+ {[%clk 0:00:48]}  Ke8 {[%clk 0:00:15]} 56. e7 {[%clk 0:00:47]}  Bxe7 {[%clk 0:00:13]} 57. fxe7 {[%clk 0:00:47]}  Kxe7 {[%clk 0:00:13]} 58. Kxd4 {[%clk 0:00:48]}  h5 {[%clk 0:00:13]} 59. Ke4 {[%clk 0:00:49]}  Ke6 {[%clk 0:00:12]} 60. Kf4 {[%clk 0:00:50]}  Kd5 {[%clk 0:00:11]} 61. Kg5 {[%clk 0:00:50]}  Ke4 {[%clk 0:00:12]} 62. Kxh5 {[%clk 0:00:50]}  Ke3 {[%clk 0:00:12]} 63. Kg5 {[%clk 0:00:50]}  Kxe2 {[%clk 0:00:13]} 1/2-1/2